000 00547nam a2200157 i 4500
001 31709
003 ES-MaACL
007 t|
008 030130s1968 sp ||||1| spa d
100 1 _aBenge, Eugene.
_927565
245 1 0 _aCómo desarrollar la propia personalidad descubriendo y utilizando la potencia emotiva, personal y secreta /
_cpor Eugene Benge ; traducida por Pedro Almandoz.
260 _aMadrid :
_bIbérico Europea,
_c[1968]
300 _a267 p. ;
_c22 cm.
700 1 _aAlmandoz, Pedro.
_920084
852 _aES-MaACL
_jG-5578
_bR.65920
999 _c31709
_d31709